Central Library OPAC University of Rajshahi

নজরুলসঙ্গীতের সৌন্দর্যতত্ত্ব / (Record no. 62637)

MARC details
000 -LEADER
fixed length control field 01225nam a2200265 a 4500
001 - CONTROL NUMBER
control field 62637
003 - CONTROL NUMBER IDENTIFIER
rucl marc code BD-RjUL
005 - DATE AND TIME OF LATEST TRANSACTION
control field 20211209081116.0
008 - FIXED-LENGTH DATA ELEMENTS--GENERAL INFORMATION
fixed length control field 170124s2010 bg ||||| b||| 00| 0 ben d
020 ## - INTERNATIONAL STANDARD BOOK NUMBER
International Standard Book Number 9847022500221
Terms of availability : Tk. 380.00
035 ## - SYSTEM CONTROL NUMBER
System control number (BD-RjUL)62763
040 ## - CATALOGING SOURCE
Original cataloging agency BD-RjUL
Language of cataloging ben
Transcribing agency BD-RjUL
041 ## - LANGUAGE CODE
Language code of text/sound track or separate title ben
082 ## - DEWEY DECIMAL CLASSIFICATION NUMBER
Edition number 23
Classification number 782.42169095492
Author mark and year SEN 2010
100 ## - MAIN ENTRY--PERSONAL NAME
Personal name সেঁজুতি, মাফরুহা হোসেন
9 (RLIN) 186213
245 10 - TITLE STATEMENT
Title নজরুলসঙ্গীতের সৌন্দর্যতত্ত্ব /
Statement of responsibility, etc. মাফরুহা হোসেন সেঁজুতি
260 ## - PUBLICATION, DISTRIBUTION, ETC. (IMPRINT)
Place of publication, distribution, etc. ঢাকা :
Name of publisher, distributor, etc. তরফদার প্রকাশনী,
Date of publication, distribution, etc. ২০১০
300 ## - PHYSICAL DESCRIPTION
Pagination ৩০৪ পৃ. ;
Size ২৩ সেমি.
504 ## - BIBLIOGRAPHY, ETC. NOTE
Bibliography, etc গ্রন্থপঞ্জি সংযুক্ত
600 ## - SUBJECT ADDED ENTRY--PERSONAL NAME
Personal name নজরুল ইসলাম, কাজী
Dates associated with a name ১৮৯৯-১৯৭৬
General subdivision গান
Personal name Nazrul Islam, Kazi
Dates associated with a name 1899-1976
General subdivision Songs.
650 ## - SUBJECT ADDED ENTRY--TOPICAL TERM
Topical term or geographic name as entry element বাংলা গান
Geographic subdivision বাংলাদেশ
General subdivision ইতিহাস ও সমালোচনা
9 (RLIN) 186216
Topical term or geographic name as entry element Songs, Bengali
Geographic subdivision Bangladesh
General subdivision History and criticism.
9 (RLIN) 186217
942 ## - ADDED ENTRY ELEMENTS (KOHA)
Source of classification or shelving scheme Dewey Decimal Classification
Koha item type Books
Holdings
Lost status Source of classification or shelving scheme Damaged status Not for loan Collection code Permanent Location Current Location Shelving location Date acquired Source of acquisition Cost, normal purchase price Total Checkouts Full call number Date last seen Copy number Koha item type
  Dewey Decimal Classification   Not For Loan Non-fiction Central Library, University of Rajshahi Central Library, University of Rajshahi Reading Room 13/05/2010 Author. Rajshahi 380.00   B 782.42169095492 SEN 2010 24/01/2017 C-1 Books